Angielskie słówka - choroby - Statystyki

Ogólne statystyki
  • Ten quiz został rozwiązany 362 razy
  • Średni wynik to 11 z 29
Statystyki odpowiedzi
Polskie Angielskie % Poprawnych
ból głowy headache
94%
ból ucha earache
85%
ból brzucha stomach ache
75%
temperatura temperature
73%
wypadek accident
70%
ból zęba toothache
70%
wirus virus
69%
alergia allergy
62%
gorączka fever
62%
infekcja infection
62%
ból pleców backache
55%
kaszel cough
43%
symptomy, objawy symptoms
39%
przeziębienie cold
35%
ból gardła sore throat
34%
recover from wyzdrowieć
31%
schudnąć lose weight
30%
kichać sneeze
27%
katar runny nose
25%
przejść na dietę go on a diet
20%
wysypka rash
20%
mdłości nausea
14%
przybrać na wadze put on weight
13%
dreszcze chills
8%
mierzyć temperaturę take a temperature
4%
ograniczyć cukier cut down on sugar
3%
choroba disease, illness
1%
grypa flu, influenza
1%
chusteczka tissue, handkerchief
1%
Nie znaleziono quizów pasujących do podanych kryteriów
Rozkład punktacji
Procent ludzi z każdym wynikiem
Percentyl według liczby udzielonych odpowiedzi
Twoja historia wyników
Nie rozwiązałeś tego quizu